NUEVO TESTAMENTO /
NOTA DE EDICION: 029149 2a ed.
Đã lưu trong:
| Tác giả khác: | |
|---|---|
| Định dạng: | Sách |
| Loạt: | BIBLIOTECA DE AUTORES CRISTIANOS. NORMAL;
40 |
| Những chủ đề: | |
| Các nhãn: |
Không có thẻ, Là người đầu tiên thẻ bản ghi này!
|
MARC
| LEADER | 00000nam^a2200000^a^4500 | ||
|---|---|---|---|
| 001 | 000231581 | ||
| 005 | 20250521000000.0 | ||
| 009 | 20260310104527.051 | ||
| 035 | |a 046384 | ||
| 037 | |a Acervo Xavier Clavigero | ||
| 082 | |a 205. |b BIB | ||
| 240 | 1 | 1 | |a [Biblia] |
| 245 | 1 | 0 | |a NUEVO TESTAMENTO / |c TR. ELOINO NACAR FUSTER, ALBERTO COLUNGA CUETO |
| 264 | |a MADRID : |b CATOLICA, |c 1948 | ||
| 300 | |a 508p. | ||
| 336 | |a texto |b txt |2 rdacontenido | ||
| 337 | |a sin mediación |b n |2 rdamedio | ||
| 338 | |a volumen |b nc |2 rdasoporte | ||
| 440 | |a BIBLIOTECA DE AUTORES CRISTIANOS. NORMAL; |v 40 | ||
| 520 | |a NOTA DE EDICION: 029149 2a ed. | ||
| 649 | |a XX | ||
| 650 | |a Biblia - |x Nuevo Testamento | ||
| 700 | |a Colunga, Alberto |e (autor) | ||
| 910 | |a Fondo General | ||
| 920 | |a Impresos - Libros | ||
| 930 | |a Colección General | ||
| 905 | |a 101 | ||
| 901 | |a 046384 |b IT1 |c ACC |i 046384 |u 20250521 | ||
| 901 | |a 029149 |b IT1 |c ACC |i 029149 |u 20250521 | ||
| 901 | |a 046002 |b IT1 |c ACC |i 046002 |u 20250521 | ||
| 902 | |a https://opac.biblio.iteso.mx/vufind/Record/000231581 | ||